Hacia el dominio de la natación
محفوظ في:
| المؤلف الرئيسي: | |
|---|---|
| التنسيق: | كتاب |
| اللغة: | الإسبانية |
| منشور في: |
Madrid
Gymnos
1990
|
| سلاسل: | El niño y la actividad física y deportiva
|
| الموضوعات: | |
| الوسوم: |
إضافة وسم
لا توجد وسوم, كن أول من يضع وسما على هذه التسجيلة!
|
MARC
| LEADER | 00000nam a2200000 a 4500 | ||
|---|---|---|---|
| 001 | UCW7556 | ||
| 003 | CL-VaPUC | ||
| 008 | 930415e19900000SP |||||||||||||||||spa|d | ||
| 082 | 0 | 4 | |a 797.21 |b NAV |2 21 |
| 100 | |a Navarro Valdivielso, Fernando |e autor |9 476108 | ||
| 245 | 1 | 0 | |a Hacia el dominio de la natación |
| 300 | |a 175 p | ||
| 942 | |c BK | ||
| 945 | |d 19930415 00:00:00 | ||
| 260 | |a Madrid |b Gymnos |c 1990 | ||
| 650 | 0 | |a Natación |9 307454 | |
| 583 | |a last modification |c 19930415 00:00:00 |k Rodrigo Vera | ||
| 490 | 0 | |a El niño y la actividad física y deportiva | |
| 999 | |c 220271 |d 220269 | ||
| 952 | |0 0 |1 0 |4 0 |6 797_210000000000000_NAV_1990 |7 0 |8 A |9 212257 |a BIBEDU |b BIBEDU |d 2019-11-15 |i 280512K |o 797.21 NAV 1990 |p 280512K |r 2019-11-15 |w 2019-11-15 |y BK |k EDU | ||